书目信息 |
| 题名: |
PASCAL语言程序设计
|
|
| 作者: | 钱士钧 编 | |
| 分册: | ||
| 出版信息: |
|
|
| 页数: | 154页 | |
| 开本: | 26cm | |
| 丛书名: | ||
| 单 册: | ||
| 中图分类: | TP312PA | |
| 科图分类: | ||
| 主题词: | 软件 | |
| 电子资源: | ||
| ISBN: | ||
| 000 | 00435nam0 2200157 450 | |
| 001 | 0659444512 | |
| 005 | 20060808163211.17 | |
| 100 | @a20060808d km y0chiy0120 ea | |
| 101 | 0 | @achi |
| 200 | 1 | @aPASCAL语言程序设计@APASCAL yu yan cheng xu she ji@f钱士钧 编@Fqian shi jun bian |
| 215 | @a154页@d26cm | |
| 606 | 0 | @a软件 |
| 690 | @aTP312PA@v3 | |
| 701 | 0 | @a钱士钧@Aqian shi jun@4编 |
| 801 | 0 | @aCN@bPFT@c20060808 |
| 905 | @a10447@dTP312PA@e437 | |
| PASCAL语言程序设计/钱士钧 编 |
| 154页;26cm |
| ISBN : |
| ● |
| 相关链接 |
|
|
|
|
正题名:PASCAL语言程序设计
索取号:TP312PA/437
 
预约/预借
| 序号 | 登录号 | 条形码 | 馆藏地/架位号 | 状态 | 备注 |
| 1 | 0451750 | 204517503 | 密集书库/ [索取号:TP312PA/437] | 在馆 |